| 000 | 00357nam a2200133Ia 4500 | ||
|---|---|---|---|
| 005 | 20260326235457.0 | ||
| 008 | 260326s9999||||xx |||||||||||||| ||und|| | ||
| 100 | _aPineda, Anibal | ||
| 245 | 0 |
_aHistoria del Agua en Bogotá : _b de la colonia al Año 2000 / _cAnibal Pineda |
|
| 260 | _bEx Libris | ||
| 300 | _a144 p. | ||
| 650 | _aLATINOAMERICA | ||
| 942 | _cBK | ||
| 999 |
_c7948 _d7948 |
||